000
00376nam a22001697a 4500
003
MPLRDC
005
20220104123303.0
008
210129b ||||| |||| 00| 0 eng d
082
_a
857.7 XXF v.40
100
_a
玄小佛著
245
_a
残梦
_c
250
_a
初版
260
_a
_b
环球出版社
_c
1979
300
_b
平
650
_a
942
_c
BK
_o
857.7 XXF v.40
999
_c
10085
_d
10075